[Event "Superliga w Szachach Szybkich"]
[Site "Wroclaw, Katowice, Krakow, Poznan"]
[Date "2023-10-17"]
[Round "7.9"]
[White "Harikrishna, Pentala"]
[Black "Wojtaszek, Radoslaw"]
[Result "0-1"]
[WhiteTitle "GM"]
[BlackTitle "GM"]
[WhiteElo "2630"]
[BlackElo "2648"]

1. e4 c5 2. Nf3 d6 3. d4 cxd4 4. Nxd4 Nf6 5. Nc3 a6 6. g3 e5 7. Nde2 h5 8. Bg5
Be6 9. Bxf6 Qxf6 10. Nd5 Qd8 11. h4 Nd7 12. Nec3 Nb6 13. Bh3 Rc8 14. Qd3 g6 15.
O-O-O Bh6+ 16. Kb1 Nxd5 17. Nxd5 O-O 18. f4 Rc5 19. Bxe6 fxe6 20. Nc3 exf4 21.
e5 Rxe5 22. Qxg6+ Bg7 23. Ne4 Rb5 24. c3 Qb6 25. Qxe6+ Kh8 26. Rd5 Rxb2+ 27. Ka1
Rb5 28. Rxb5 Qxb5 29. gxf4 d5 30. Rb1 Qd3 0-1

[Event "Superliga w Szachach Szybkich"]
[Site "Wroclaw, Katowice, Krakow, Poznan"]
[Date "2023-10-17"]
[Round "7.10"]
[White "Teclaf, Pawel"]
[Black "Bartel, Mateusz"]
[Result "1/2-1/2"]
[WhiteTitle "GM"]
[BlackTitle "GM"]
[WhiteElo "2508"]
[BlackElo "2520"]

1. e4 e5 2. Nf3 Nc6 3. Bb5 a6 4. Ba4 Nf6 5. O-O Be7 6. Re1 b5 7. Bb3 d6 8. c3 O-O
9. h3 Bb7 10. d4 Re8 11. Ng5 Rf8 12. Nf3 Re8 13. Nbd2 Bf8 14. Bc2 h6 15. b3 Nb8
16. Bb2 Nbd7 17. a4 c6 18. c4 bxc4 19. Nxc4 exd4 20. Nxd4 d5 21. exd5 Rxe1+ 22.
Qxe1 cxd5 23. Ne3 a5 24. Nef5 Qb6 25. Bc3 Ne4 26. Bxe4 dxe4 27. Rd1 Nc5 28. Nb5
Nd3 29. Qe3 Qg6 30. Ng3 Rd8 31. Bd4 Bb4 32. Ne2 Bd5 33. Rb1 Be6 34. Ng3 f5 35.
Ne2 f4 36. Nxf4 Nxf4 37. Qxf4 Bxh3 38. Qg3 Qxg3 39. fxg3 Bf5 40. Rf1 Be6 41. Rc1
Rd7 42. Bc3 Bc5+ 43. Kh2 Rd5 44. g4 Bxg4 45. Kg3 h5 46. Bxa5 Rd3+ 47. Kf4 Be7
48. Kxe4 Rxb3 49. Rc7 Bf6 50. Bc3 Bxc3 51. Nxc3 Kh7 52. a5 Ra3 53. Rc5 Kh6 54.
Nd5 g6 1/2-1/2

[Event "Superliga w Szachach Szybkich"]
[Site "Wroclaw, Katowice, Krakow, Poznan"]
[Date "2023-10-17"]
[Round "7.11"]
[White "Gumularz, Szymon"]
[Black "Pakleza, Zbigniew"]
[Result "1-0"]
[WhiteTitle "GM"]
[BlackTitle "GM"]
[WhiteElo "2553"]
[BlackElo "2454"]

1. e4 e5 2. Nf3 d6 3. d4 exd4 4. Nxd4 Nf6 5. Nc3 Be7 6. g3 O-O 7. Bg2 a5 8. O-O
a4 9. a3 Bg4 10. Qd3 Re8 11. h3 Bd7 12. Nf5 Bxf5 13. exf5 c6 14. g4 h6 15. f4
Nfd7 16. g5 hxg5 17. fxg5 Bxg5 18. Bxg5 Qxg5 19. Ne4 Rxe4 20. Qxe4 Nf6 21. Qf4
Qxf4 22. Rxf4 Nbd7 23. Rd1 d5 24. c4 Nb6 25. cxd5 Nbxd5 26. Bxd5 Nxd5 27. Re4
Kf8 28. Kf2 Ra5 29. Rde1 Nf6 30. Re5 Ra8 31. Rd1 Nd5 32. Kf3 Ra6 33. Rde1 f6 34.
R5e4 Rb6 35. R1e2 Rb3+ 36. Kg4 b5 37. Re6 b4 38. Rxc6 bxa3 39. bxa3 Ne3+ 40. Kf3
Nxf5+ 41. Kf4 Nd4 42. Rc8+ Kf7 43. Rc7+ Kg6 44. Ree7 Nf5 45. Re1 Nd4 46. Rd7 Nc6
47. Rg1+ Kh6 48. Rgxg7 f5 49. Kxf5 Rf3+ 50. Ke4 Rxa3 51. h4 Rc3 52. Rh7+ Kg6 53.
h5+ Kg5 54. Rdg7+ Kh4 55. Rg1 a3 56. h6 a2 57. Rc7 Rc4+ 58. Kd5 Rg4 59. Rh1+ Kg5
60. Rxc6 1-0

[Event "Superliga w Szachach Szybkich"]
[Site "Wroclaw, Katowice, Krakow, Poznan"]
[Date "2023-10-17"]
[Round "7.12"]
[White "Kiolbasa, Oliwia"]
[Black "Zawadzka, Jolanta"]
[Result "1/2-1/2"]
[WhiteTitle "IM"]
[BlackTitle "WGM"]
[WhiteElo "2321"]
[BlackElo "2258"]

1. e4 d5 2. exd5 Qxd5 3. Nc3 Qe5+ 4. Be2 Bg4 5. d4 Bxe2 6. Ngxe2 Qa5 7. d5 c6 8.
O-O Nf6 9. Nf4 cxd5 10. Nfxd5 Nxd5 11. Nxd5 e6 12. Ne3 Be7 13. Bd2 Qc7 14. Bc3
Bd6 15. Qh5 O-O 16. Rad1 Bf4 17. Rd3 Nc6 18. Rfd1 Rad8 19. Rxd8 Rxd8 20. Rxd8+
Qxd8 21. Qg4 Bh6 22. h3 Qd7 23. Qg3 f5 24. Nc4 Qd1+ 25. Kh2 Qd5 26. Ne5 f4 27.
Qd3 Nxe5 28. Qxd5 exd5 29. Bxe5 Kf7 30. h4 Ke6 31. Bd4 a6 32. f3 g6 33. a4 Bf8
34. g3 fxg3+ 35. Kxg3 Bd6+ 36. Kg4 Be7 37. h5 gxh5+ 38. Kxh5 Kf5 39. Kh6 Kf4 40.
Kxh7 Kxf3 41. Kg6 Ke2 42. Kf7 Bg5 43. Ke6 Kd1 44. c3 Kc2 45. b4 Kb3 46. Kxd5 Kxa4
47. Kc5 Be7+ 48. Kb6 Bxb4 49. cxb4 Kxb4 1/2-1/2

[Event "Superliga w Szachach Szybkich"]
[Site "Wroclaw, Katowice, Krakow, Poznan"]
[Date "2023-10-17"]
[Round "7.13"]
[White "Piorun, Kacper"]
[Black "Tomczak, Jacek"]
[Result "1/2-1/2"]
[WhiteTitle "GM"]
[BlackTitle "GM"]
[WhiteElo "2472"]
[BlackElo "2549"]

1. d4 Nf6 2. Nf3 g6 3. g3 Bg7 4. Bg2 d5 5. O-O O-O 6. Nbd2 c5 7. dxc5 Qc7 8. a3
a5 9. Rb1 a4 10. b4 axb3 11. Nxb3 e5 12. Bb2 Nc6 13. Qc1 Bf5 14. Ra1 Ra4 15. Rd1
Rd8 16. h3 Rc4 17. Ne1 h5 18. Nd3 Qe7 19. Nd2 Ra4 20. Nb3 Qe6 21. Kh2 Kh7 22.
f4 h4 23. g4 Bxd3 24. exd3 Rxf4 25. Re1 Bh6 26. Qd1 Ra4 27. Kh1 Bf4 28. Rf1 d4
29. Qe1 Bg3 30. Qe2 Nd5 31. Nd2 Nf4 32. Qf3 f5 33. Bc1 Rd7 34. Rb1 Rf7 35. Rb6
Qe7 36. Nb3 Ne6 37. gxf5 Rxf5 38. Qd5 Rxf1+ 39. Bxf1 Bf4 40. Bxf4 Nxf4 41. Qf3
Rxa3 42. Nd2 Ra1 43. Ne4 Nh5 44. Kh2 Ng3 45. Bg2 Nxe4 46. Qxe4 Kh6 47. Qg4 Rc1
48. Rb2 Qg5 49. Qxg5+ Kxg5 50. Rxb7 Rxc2 51. Rb6 Nd8 52. c6 Ne6 53. Kg1 Rc1+ 54.
Kf2 Rc2+ 55. Kf1 Rc1+ 56. Kf2 Rc2+ 1/2-1/2

[Event "Superliga w Szachach Szybkich"]
[Site "Wroclaw, Katowice, Krakow, Poznan"]
[Date "2023-10-17"]
[Round "7.14"]
[White "Warakomski, Tomasz"]
[Black "Socko, Bartosz"]
[Result "1-0"]
[WhiteTitle "GM"]
[BlackTitle "GM"]
[WhiteElo "2461"]
[BlackElo "2522"]

1. e4 c6 2. c4 d5 3. cxd5 cxd5 4. exd5 Nf6 5. Nc3 g6 6. Bc4 Bg7 7. Nf3 O-O 8. O-O
Nbd7 9. d3 a6 10. a4 Qc7 11. Re1 Re8 12. Bg5 h6 13. Bh4 Nb6 14. Qb3 Bf5 15. Bg3
Qd8 16. a5 Nxc4 17. dxc4 Nd7 18. Na4 Qxa5 19. Qxb7 Rac8 20. b4 Qd8 21. Rac1 Bd3
22. Qxa6 Nf6 23. Ne5 Ra8 24. Qb5 Rb8 25. Qc5 Ne4 26. Rxe4 Bxe4 27. Nc6 Qd7 28.
Nxb8 Qxa4 29. Qc6 Qxc6 30. Nxc6 e6 31. f3 Bd3 32. d6 Ra8 33. d7 Bf6 34. b5 Bd8
35. Bf2 Bg5 36. Rd1 Bxc4 37. b6 Ba6 38. d8=Q+ Bxd8 39. Rxd8+ 1-0

[Event "Superliga w Szachach Szybkich"]
[Site "Wroclaw, Katowice, Krakow, Poznan"]
[Date "2023-10-17"]
[Round "7.15"]
[White "Janik, Igor"]
[Black "Klekowski, Maciej"]
[Result "0-1"]
[WhiteTitle "GM"]
[BlackTitle "GM"]
[WhiteElo "2473"]
[BlackElo "2405"]

1. c4 e5 2. Nc3 Nc6 3. g3 f5 4. Bg2 Nf6 5. e3 Be7 6. Nge2 O-O 7. O-O d6 8. d4 Qe8
9. Nd5 Bd8 10. b4 Nxd5 11. Bxd5+ Kh8 12. b5 e4 13. Nf4 Nb4 14. Qb3 Nxd5 15. cxd5
Rf6 16. h4 Rh6 17. Kg2 Bd7 18. a4 a6 19. Bd2 axb5 20. axb5 Rxa1 21. Rxa1 g5 22.
Ne6 gxh4 23. Ra8 Bxe6 24. dxe6 hxg3 25. d5 gxf2 26. Qc3+ Kg8 27. Kf1 Rh2 28. Qxc7
Qxb5+ 0-1

[Event "Superliga w Szachach Szybkich"]
[Site "Wroclaw, Katowice, Krakow, Poznan"]
[Date "2023-10-17"]
[Round "7.16"]
[White "Antolak, Julia"]
[Black "Socko, Monika"]
[Result "0-1"]
[WhiteTitle "WGM"]
[BlackTitle "GM"]
[WhiteElo "2192"]
[BlackElo "2303"]

1. d4 Nf6 2. c4 g6 3. Nc3 Bg7 4. e4 d6 5. Be2 O-O 6. Be3 a5 7. h4 h5 8. Qd2 Nc6
9. O-O-O e5 10. dxe5 dxe5 11. Qxd8 Rxd8 12. Nb5 Rxd1+ 13. Bxd1 Nxe4 14. Nxc7 Rb8
15. Ne2 Bf5 16. a3 Nd4 17. Nd5 Be6 18. Nec3 Nc5 19. b4 axb4 20. axb4 Nd3+ 21.
Kd2 Nb2 22. Be2 Nxe2 23. Kxe2 Nxc4 24. Ra1 f5 25. Ra7 Nxe3 26. fxe3 Kf7 27. Nb6
Ke7 28. Nba4 e4 29. Nd1 Kd6 30. Nc5 Bc4+ 31. Kf2 Bd5 32. Ke2 Bf6 33. g3 Be5 34.
Kf2 Kc6 35. Kg2 Bd6 36. Na4 Bxb4 37. Nac3 Bb3 38. Ra1 Bxd1 39. Nxd1 Rd8 40. Rc1+
Kb5 41. Nf2 Bc5 42. Rb1+ Kc6 43. Rb3 Rd2 44. Kf1 b5 45. Nh3 b4 46. Nf4 Rd6 47.
Ne2 Kb5 48. Kf2 Rd2 49. Ke1 Rd3 50. Rxd3 exd3 51. Nf4 Bxe3 52. Nxd3 b3 53. Ke2
Bh6 54. Kd1 Kc4 55. Nb2+ Kc3 56. Na4+ Kd4 57. Ke2 Bg7 58. Kd2 Bf8 59. Nb6 Bd6
60. Nd7 Bxg3 61. Nf8 Bxh4 62. Nxg6 Bg5+ 63. Kd1 Kc3 0-1

[Event "Superliga w Szachach Szybkich"]
[Site "Wroclaw, Katowice, Krakow, Poznan"]
[Date "2023-10-17"]
[Round "8.1"]
[White "Licznerski, Lukasz"]
[Black "Warakomski, Tomasz"]
[Result "1/2-1/2"]
[WhiteTitle "IM"]
[BlackTitle "GM"]
[WhiteElo "2423"]
[BlackElo "2461"]

1. e4 2. c5 3. Nf3 4. d6 5. Bb5+ 6. Nd7 7. a4 8. Nf6 9. Nc3 10. e6 11. O-O 12.
Be7 13. Re1 14. O-O 15. a5 16. Ne5 17. Nxe5 18. dxe5 19. d3 20. Qc7 21. Be3 22.
Bd6 23. Nb1 24. Bd7 25. Bxd7 26. Nxd7 27. Nd2 28. Nb8 29. Nc4 30. Nc6 31. c3 32.
Be7 33. Qb3 34. Rfd8 35. Red1 36. Rab8 37. Qb5 38. b6 39. a6 40. Rd7 41. Kf1 42.
Rbd8 43. Ke2 44. Kh8 45. Rd2 46. f5 47. f3 48. Bf6 49. Na3 50. Na5 51. Nc4 52.
Nc6 53. Rg1 54. g5 55. g4 56. Rg7 57. Kd1 58. Ne7 59. Kc2 60. Ng6 61. gxf5 62.
Nh4 63. fxe6 64. Nxf3 65. Rf2 66. Nxg1 67. Rxf6 68. Ne2 69. Rf5 70. Qe7 71. Qc6
72. Nf4 73. Bxf4 74. exf4 75. Ne5 76. Re8 77. Nf7+ 78. Kg8 79. Nh6+ 80. Kh8 81.
Rf7 82. Rxf7 83. exf7 84. Rf8 85. Qd5 86. Qf6 87. Ng4 88. Qg7 89. Ne5 90. f3 91.
Nxf3 92. Qxf7 93. Nxg5 94. Qxd5 95. exd5 96. Rf5 97. Ne6 98. Rxd5 99. Nc7 100.
Rd7 101. Nb5 102. Kg7 103. d4 104. cxd4 105. cxd4 106. Kf6 107. Kd3 108. Kf5 109.
Kc4 110. h5 111. d5 112. Ke5 113. d6 114. h4 115. h3 116. Rg7 117. Nxa7 118. Rxa7
119. Kb5 120. Rd7 121. b4 122. Rxd6 123. a7 124. Rd8 125. Kxb6 126. Kd6 127. Kb7
128. Rd7+ 129. Ka6 130. Rd8 131. b5 132. Kc5 133. b6 134. Rg8 135. b7 136. Rg6+
137. Ka5 138. Rg1 139. Ka4 140. Kc4 141. Ka3 142. Kc3 143. Ka2 144. Rg2+ 145.
Kb1 146. Rg1+ 147. Ka2 148. Rg2+ 149. Ka3 150. Rg1 151. Ka4 152. Kc4 153. Ka5
154. Kc5 155. Ka4 156. Kc4 157. Ka3 158. Kc3 159. Ka2 160. Rg2+ 161. Ka1 162.
Rg1+ 163. Ka2 164. Rg2+ 165. Ka3 166. Rg1 167. Ka4 168. Kc4 169. Ka5 170. Kc5
171. Ka4 1/2-1/2

[Event "Superliga w Szachach Szybkich"]
[Site "Wroclaw, Katowice, Krakow, Poznan"]
[Date "2023-10-17"]
[Round "8.2"]
[White "Klekowski, Maciej"]
[Black "Klimkowski, Jan"]
[Result "1-0"]
[WhiteTitle "GM"]
[BlackTitle "IM"]
[WhiteElo "2405"]
[BlackElo "2368"]

1. c4 2. Nf6 3. Nc3 4. c5 5. g3 6. d5 7. cxd5 8. Nxd5 9. Bg2 10. Nc7 11. d3 12.
e5 13. Nf3 14. Nc6 15. O-O 16. Be7 17. a4 18. O-O 19. Nd2 20. Bd7 21. Nc4 22.
f6 23. f4 24. exf4 25. gxf4 26. Kh8 27. f5 28. Be8 29. a5 30. a6 31. Bf4 32. Rb8
33. Qe1 34. Nd4 35. Qg3 36. Ncb5 37. Bxb8 38. Nxc3 39. Kh1 40. Ncxe2 41. Qc7 42.
Bc6 43. Qxd8 44. Rxd8 45. Bc7 46. Rd7 47. Bb8 48. Rd8 49. Bc7 50. Rd7 51. Bb6
52. Bxg2+ 53. Kxg2 54. Nc2 55. Rad1 56. Nb4 57. Rfe1 58. Nf4+ 59. Kg3 60. g5 61.
Rxe7 62. Rxe7 63. Bxc5 64. Re2 65. Bxb4 66. Rg2+ 67. Kf3 68. Rxh2 69. d4 70. Rc2
71. Bc3 72. Nd5 73. Ne3 74. Nxc3 75. bxc3 76. Rxc3 77. d5 78. Kg7 79. d6 80. Rc8
81. d7 82. Rd8 83. Nc4 84. h5 85. Nd6 1-0

[Event "Superliga w Szachach Szybkich"]
[Site "Wroclaw, Katowice, Krakow, Poznan"]
[Date "2023-10-17"]
[Round "8.3"]
[White "Sieciechowicz, Marcin"]
[Black "Galperin, Platon"]
[Result "1/2-1/2"]
[WhiteTitle "IM"]
[BlackTitle "GM"]
[WhiteElo "2329"]
[BlackElo "2442"]

1. d4 2. Nf6 3. c4 4. g6 5. Nc3 6. Bg7 7. e4 8. d6 9. f3 10. a6 11. Be3 12. O-O
13. Qd2 14. Nc6 15. Nge2 16. Bd7 17. Rc1 18. b5 19. Ng3 20. e5 21. d5 22. Nd4
23. Bd3 24. c5 25. dxc6 26. Bxc6 27. O-O 28. bxc4 29. Bxc4 30. d5 31. exd5 32.
Nxd5 33. Nxd5 34. Bxd5 35. b3 36. a5 37. Bxd4 38. exd4 39. Rfd1 40. a4 41. Ne2
42. axb3 43. axb3 44. Bxc4 45. bxc4 46. Re8 47. Nf4 48. Bh6 49. g3 50. Ra3 51.
c5 52. Rxf3 53. Qxd4 54. Re1+ 55. Kg2 56. Qxd4 57. Rxd4 58. Rxg3+ 59. hxg3 60.
Rxc1 61. Rd8+ 62. Bf8 63. Nd3 64. Rc3 65. Ne5 66. Kg7 67. Rd7 68. Bxc5 69. Rxf7+
70. Kg8 71. Rc7 72. Bd4 73. Rxc3 74. Bxc3 75. Nf3 76. h5 77. Kh3 78. Kf7 79. g4
80. hxg4+ 81. Kxg4 82. g5 83. Nxg5+ 1/2-1/2

[Event "Superliga w Szachach Szybkich"]
[Site "Wroclaw, Katowice, Krakow, Poznan"]
[Date "2023-10-17"]
[Round "8.4"]
[White "Antolak, Julia"]
[Black "Kulon, Klaudia"]
[Result "1/2-1/2"]
[WhiteTitle "WGM"]
[BlackTitle "IM"]
[WhiteElo "2192"]
[BlackElo "2271"]

1. d4 2. Nf6 3. c4 4. g6 5. Nc3 6. Bg7 7. e4 8. d6 9. Be2 10. O-O 11. Be3 12. e5
13. d5 14. Nbd7 15. h4 16. Nc5 17. Qc2 18. a5 19. h5 20. c6 21. Bxc5 22. dxc5
23. h6 24. Bh8 25. Nf3 26. cxd5 27. cxd5 28. Ne8 29. Nb5 30. a4 31. Qxc5 32. Bd7
33. Qb4 34. Qb6 35. a3 36. Bxb5 37. Qxb5 38. Qxb5 39. Bxb5 40. Nd6 41. Bd3 42.
f5 43. Nd2 44. Rfc8 45. Ke2 46. Bf6 47. Rac1 48. Kf7 49. Nc4 50. Nxc4 51. Rxc4
52. Rxc4 53. Bxc4 54. Rc8 55. Bd3 56. fxe4 57. Bxe4 58. Ke7 59. Rd1 60. Kd6 61.
Rd2 62. Bg5 63. Rc2 64. Rxc2+ 65. Bxc2 66. Bxh6 67. Bxa4 68. Bc1 69. Bb3 70. Bxb2
71. a4 72. b6 73. Kd3 1/2-1/2

[Event "Superliga w Szachach Szybkich"]
[Site "Wroclaw, Katowice, Krakow, Poznan"]
[Date "2023-10-17"]
[Round "8.5"]
[White "Navara, David"]
[Black "Kollars, Dmitrij"]
[Result "1/2-1/2"]
[WhiteTitle "GM"]
[BlackTitle "GM"]
[WhiteElo "2707"]
[BlackElo "2560"]

1. e4 2. e5 3. Nf3 4. Nc6 5. Bb5 6. a6 7. Ba4 8. Nf6 9. O-O 10. Nxe4 11. d4 12.
b5 13. Bb3 14. d5 15. dxe5 16. Be6 17. Qe2 18. Be7 19. Rd1 20. Nc5 21. Nc3 22.
Nxb3 23. cxb3 24. O-O 25. Be3 26. Qd7 27. Rd2 28. Nd8 29. Rad1 30. c6 31. h3 32.
Bf5 33. Nd4 34. Bg6 35. Qg4 36. Ne6 37. Nf5 38. Bxf5 39. Qxf5 40. g6 41. Qg4 42.
f5 43. exf6 44. Bxf6 45. Ne4 46. Bg7 47. Nc5 48. Nxc5 49. Bxc5 50. Qxg4 51. hxg4
52. Rfe8 53. f3 54. Re6 55. Kf2 56. Rae8 57. b4 58. Be5 59. Rc2 60. Bc7 61. a4
62. h5 63. gxh5 64. gxh5 65. axb5 66. h4 67. Kf1 68. axb5 69. Bf2 70. Bg3 71.
Rdc1 72. Bf4 73. Re1 74. Bg5 75. Rce2 76. Rxe2 77. Rxe2 78. Rxe2 79. Kxe2 80.
Kf7 81. Kd3 82. Ke6 83. b3 84. Be7 85. Be1 86. Bf6 87. Ke3 88. Kf5 89. Kd3 90.
Kf4 91. Ke2 92. Be7 93. Kf2 94. Bf6 95. Bd2+ 96. Ke5 97. Bc3+ 98. Kf5 99. Bd2
100. Be7 101. Bc3 102. Bf6 103. Bd2 104. Bg5 105. Bc3 106. Bf6 107. Bd2 108. Bg5
109. Bc3 1/2-1/2

[Event "Superliga w Szachach Szybkich"]
[Site "Wroclaw, Katowice, Krakow, Poznan"]
[Date "2023-10-17"]
[Round "8.6"]
[White "Teclaf, Pawel"]
[Black "Areshchenko, Alexander"]
[Result "1-0"]
[WhiteTitle "GM"]
[BlackTitle "GM"]
[WhiteElo "2508"]
[BlackElo "2558"]

1. c4 2. g6 3. d4 4. Nf6 5. g3 6. c6 7. Nc3 8. d5 9. cxd5 10. cxd5 11. Bg2 12.
Bg7 13. Nf3 14. Ne4 15. Nd2 16. Nf6 17. Nf3 18. Ne4 19. Qb3 20. Nxc3 21. bxc3
22. Nc6 23. Nd2 24. e6 25. Ba3 26. Bf8 27. O-O 28. Bxa3 29. Qxa3 30. Qe7 31. Qb2
32. O-O 33. e4 34. Rd8 35. Rfe1 36. Qc7 37. Rac1 38. Na5 39. Qb4 40. Nc6 41. Qa3
42. Qa5 43. Qb2 44. Bd7 45. exd5 46. exd5 47. Nb3 48. Qb5 49. a4 50. Qb6 51. Bxd5
52. Be8 53. Bf3 54. Na5 55. Rb1 56. Rab8 57. Nxa5 58. Qxa5 59. Re5 60. Qc7 61.
Qb4 62. Bc6 63. Qc5 64. Rdc8 65. Bg4 66. Re8 67. Rxe8+ 68. Rxe8 69. Bf3 70. Qd7
71. Bxc6 72. bxc6 73. a5 74. Kg7 75. a6 76. Re2 77. Kg2 78. Qe6 79. Rf1 80. h5
81. h4 82. Qe4+ 83. Kg1 84. Ra2 85. Qxa7 86. g5 87. Qc5 88. gxh4 89. Qg5+ 90.
Qg6 91. Qxh4 92. Rxa6 93. Qf4 94. Ra5 95. Re1 96. Rf5 97. Qh4 98. Rf3 99. c4 100.
Rf5 101. Qe4 102. Qf6 103. Re2 104. Ra5 105. Kg2 106. Ra4 107. d5 108. cxd5 109.
Qxd5 110. h4 111. Re4 112. hxg3 113. Rg4+ 114. Kf8 115. Qc5+ 116. Ke8 117. Re4+
118. Kd7 119. Rd4+ 1-0

[Event "Superliga w Szachach Szybkich"]
[Site "Wroclaw, Katowice, Krakow, Poznan"]
[Date "2023-10-17"]
[Round "8.7"]
[White "Socko, Bartosz"]
[Black "Dziuba, Marcin"]
[Result "1/2-1/2"]
[WhiteTitle "GM"]
[BlackTitle "GM"]
[WhiteElo "2522"]
[BlackElo "2468"]

1. e4 2. c5 3. Nf3 4. Nc6 5. Bb5 6. g6 7. Bxc6 8. bxc6 9. O-O 10. Bg7 11. c3 12.
Nf6 13. Re1 14. O-O 15. d4 16. cxd4 17. cxd4 18. d5 19. e5 20. Ne4 21. Nbd2 22.
c5 23. dxc5 24. Nxc5 25. Nb3 26. Nxb3 27. Qxb3 28. d4 29. Bg5 30. h6 31. Bh4 32.
d3 33. Rad1 34. Bf5 35. Qb4 36. g5 37. Bg3 38. Rb8 39. Qa3 40. e6 41. h4 42. g4
43. Nd2 44. Qb6 45. Nc4 46. Qd4 47. b3 48. Rfc8 49. Nd6 50. Bf8 51. Qa5 52. Bg6
53. h5 54. Bxh5 55. Re4 56. Qc5 57. Qd2 58. Rc7 59. Qxd3 60. Qc2 61. Ra4 62. Qxd3
63. Rxd3 64. Bg6 65. Rdd4 66. h5 67. Rdc4 68. Rxc4 69. bxc4 70. Be7 71. Rxa7 72.
Bg5 73. Rb7 74. Rxb7 75. Nxb7 76. h4 77. Bh2 78. Be4 79. Nd6 80. Bc6 81. f4 82.
gxf3 83. gxf3 84. Bxf3 85. a4 86. Be3+ 87. Kf1 88. Bb6 89. Bg1 90. Ba5 91. Bf2
92. h3 93. Kg1 94. Bd1 95. Bd4 96. Bxa4 97. Kh2 98. Kf8 99. Kxh3 100. Ke7 101.
Bc5 102. Kd7 103. Nxf7 104. Bb3 105. Bd4 106. Bxc4 107. Kg4 108. Bd3 109. Kf4
110. Bd2+ 111. Be3 112. Bc3 113. Nd6 114. Kc6 115. Ne4 116. Bb2 117. Nf6 118.
Bf5 119. Bd2 120. Kc5 121. Be3+ 122. Kc4 123. Ne8 124. Kd3 125. Ng7 126. Bxe5+
127. Kxe5 1/2-1/2

[Event "Superliga w Szachach Szybkich"]
[Site "Wroclaw, Katowice, Krakow, Poznan"]
[Date "2023-10-17"]
[Round "8.8"]
[White "Kiolbasa, Oliwia"]
[Black "Socko, Monika"]
[Result "1/2-1/2"]
[WhiteTitle "IM"]
[BlackTitle "GM"]
[WhiteElo "2321"]
[BlackElo "2303"]

1. e4 2. e6 3. d4 4. d5 5. e5 6. c5 7. c3 8. Nc6 9. Nf3 10. Bd7 11. Be2 12. Rc8
13. O-O 14. a6 15. Be3 16. cxd4 17. cxd4 18. Nge7 19. Nc3 20. Nf5 21. Bd3 22.
Nxe3 23. fxe3 24. Be7 25. Rc1 26. O-O 27. Bb1 28. f5 29. exf6 30. Bxf6 31. e4
32. Qb6 33. e5 34. Nxe5 35. Nxe5 36. Bxe5 37. Bxh7+ 38. Kxh7 39. Qh5+ 40. Kg8
41. Qxe5 42. Rxf1+ 43. Rxf1 44. Rf8 45. Rxf8+ 46. Kxf8 47. b3 48. Qb4 49. Qe3
50. Be8 51. h3 52. Bg6 53. Kh2 54. Kf7 55. Qf4+ 56. Kg8 57. Qe3 58. Kf7 59. Qf4+
60. Kg8 61. Qe3 1/2-1/2

[Event "Superliga w Szachach Szybkich"]
[Site "Wroclaw, Katowice, Krakow, Poznan"]
[Date "2023-10-17"]
[Round "8.9"]
[White "Mastrovasilis, Dimitrios"]
[Black "Pechac, Jergus"]
[Result "1/2-1/2"]
[WhiteTitle "GM"]
[BlackTitle "GM"]
[WhiteElo "2566"]
[BlackElo "2548"]

1. e4 2. e5 3. Nf3 4. Nc6 5. Nc3 6. Nf6 7. d4 8. exd4 9. Nxd4 10. Bb4 11. Nxc6
12. bxc6 13. Bd3 14. d5 15. exd5 16. O-O 17. O-O 18. cxd5 19. Bg5 20. Be6 21.
Qf3 22. h6 23. Bxf6 24. Qxf6 25. Qxf6 26. gxf6 27. Nb5 28. c5 29. Nc7 30. Rac8
31. Nxe6 32. fxe6 33. c4 34. Rcd8 35. a3 36. Ba5 37. b4 38. cxb4 39. axb4 40.
Bxb4 41. Rxa7 42. Rf7 43. Rxf7 44. Kxf7 45. Rb1 46. Be7 47. cxd5 1/2-1/2

[Event "Superliga w Szachach Szybkich"]
[Site "Wroclaw, Katowice, Krakow, Poznan"]
[Date "2023-10-17"]
[Round "8.10"]
[White "Neugebauer, Martin"]
[Black "Wieczorek, Oskar"]
[Result "1-0"]
[WhiteTitle "IM"]
[BlackTitle "GM"]
[WhiteElo "2430"]
[BlackElo "2394"]

1. e4 2. e5 3. Nf3 4. Nc6 5. Bb5 6. a6 7. Ba4 8. Nf6 9. O-O 10. Be7 11. d3 12.
b5 13. Bb3 14. d6 15. a4 16. Bd7 17. c3 18. O-O 19. h3 20. Rb8 21. axb5 22. axb5
23. Re1 24. b4 25. Nbd2 26. h6 27. d4 28. bxc3 29. bxc3 30. Qc8 31. Nc4 32. exd4
33. cxd4 34. Nb4 35. d5 36. Re8 37. Bb2 38. Na6 39. Bc3 40. Nc5 41. Bc2 42. Bb5
43. Qd4 44. Bf8 45. Na5 46. Nfd7 47. Qd2 48. Ne5 49. Nd4 50. Nc4 51. Nxc4 52.
Bxc4 53. Nf5 54. Bb3 55. Bb1 56. Bc4 57. Nxh6+ 58. gxh6 59. Qd4 60. Re5 61. Qxc4
62. Rg5 63. Kh2 64. Bg7 65. Bxg7 66. Kxg7 67. e5 68. Rb2 69. Qd4 70. Qb8 71. exd6+
72. Kg8 73. Qxc5 74. cxd6 75. Qc6 76. Rxf2 77. Re8+ 78. Kg7 79. Qc3+ 80. f6 81.
Re7+ 82. Kf8 83. Kh1 84. Rgxg2 85. Be4 86. Rh2+ 87. Kg1 88. Qb6 89. Qc8+ 90. Kxe7
91. Qe6+ 92. Kf8 93. Ra8+ 1-0

[Event "Superliga w Szachach Szybkich"]
[Site "Wroclaw, Katowice, Krakow, Poznan"]
[Date "2023-10-17"]
[Round "8.11"]
[White "Tazbir, Marcin"]
[Black "Leniart, Arkadiusz"]
[Result "1-0"]
[WhiteTitle "GM"]
[BlackTitle "GM"]
[WhiteElo "2437"]
[BlackElo "2418"]

1. c4 2. Nf6 3. g3 4. e6 5. Bg2 6. d5 7. Nf3 8. Nbd7 9. d3 10. b6 11. O-O 12. Bb7
13. b3 14. Bd6 15. Bb2 16. O-O 17. Nc3 18. Re8 19. Rc1 20. a6 21. Re1 22. c5 23.
cxd5 24. Nxd5 25. Qd2 26. Be7 27. Nxd5 28. Bxd5 29. e4 30. Bb7 31. d4 32. Rc8
33. Rcd1 34. c4 35. bxc4 36. Rxc4 37. Qd3 38. b5 39. d5 40. Nc5 41. Qb1 42. exd5
43. exd5 44. Bd6 45. Rxe8+ 46. Qxe8 47. Nd4 48. g6 49. Re1 50. Qd7 51. Nc6 52.
Na4 53. Ba1 54. Nc3 55. Qd3 56. Na4 57. Qe3 58. Nc5 59. Qe8+ 1-0

[Event "Superliga w Szachach Szybkich"]
[Site "Wroclaw, Katowice, Krakow, Poznan"]
[Date "2023-10-17"]
[Round "8.12"]
[White "Sliwicka, Alicja"]
[Black "Zawadzka, Jolanta"]
[Result "1/2-1/2"]
[WhiteTitle "WIM"]
[BlackTitle "WGM"]
[WhiteElo "2131"]
[BlackElo "2258"]

1. e4 2. c5 3. Nf3 4. Nc6 5. d4 6. cxd4 7. Nxd4 8. e5 9. Nb5 10. d6 11. N1c3 12.
a6 13. Na3 14. Be7 15. Be3 16. Nf6 17. Nc4 18. b5 19. Nb6 20. Rb8 21. Nxc8 22.
Qxc8 23. Be2 24. O-O 25. O-O 26. b4 27. Nd5 28. Nxe4 29. a4 30. bxa3 31. Rxa3
32. Nf6 33. Nxe7+ 34. Nxe7 35. Qxd6 36. Nf5 37. Qxe5 38. Re8 39. Qa5 40. Nxe3
41. fxe3 42. Qxc2 43. Bd3 44. Qxb2 45. Ra2 46. Qb3 47. Qxa6 48. Rbd8 49. Ra3 50.
Qb2 51. Ra2 52. Qe5 53. Re2 54. Ng4 55. Rf4 56. Qh5 57. h3 58. Ne5 59. Bf5 60.
g6 61. Be4 62. Re6 63. Qa2 64. Rde8 65. Kf2 66. R6e7 67. Qc2 68. Qg5 69. Qa2 70.
Nd7 71. Bd5 72. Nf6 73. Bf3 74. Qe5 75. g4 76. Kg7 77. h4 78. Qd6 79. Qb2 80.
Qe5 81. Qa2 82. Qd6 83. Qb2 84. Qe5 85. Qa2 1/2-1/2

[Event "Superliga w Szachach Szybkich"]
[Site "Wroclaw, Katowice, Krakow, Poznan"]
[Date "2023-10-17"]
[Round "8.13"]
[White "Psyk, Radoslaw"]
[Black "Volokitin, Andrei"]
[Result "0-1"]
[WhiteTitle "k++"]
[BlackTitle "GM"]
[WhiteElo "2327"]
[BlackElo "2626"]

1. e4 2. c5 3. c3 4. Nf6 5. e5 6. Nd5 7. Nf3 8. d6 9. Bb5+ 10. Bd7 11. Bc4 12.
e6 13. d4 14. cxd4 15. Bxd5 16. exd5 17. O-O 18. dxe5 19. Nxe5 20. Nc6 21. Nxc6
22. bxc6 23. Qxd4 24. Be6 25. Bf4 26. c5 27. Qe5 28. Qf6 29. Qxf6 30. gxf6 31.
Nd2 32. Kd7 33. Rfd1 34. Be7 35. b3 36. a5 37. Rab1 38. Ra7 39. a3 40. Rb7 41.
Rb2 42. Ra8 43. Kf1 44. Kc6 45. h3 46. a4 47. b4 48. d4 49. Rc1 50. Kd7 51. Ne4
52. f5 53. Nd2 54. dxc3 55. Rxc3 56. cxb4 57. axb4 58. Bf6 59. Rd3+ 60. Ke8 61.
Rb1 62. a3 63. Nb3 0-1